Obálka Náhled e-knihy:
PDF Epub
Pro půjčování e-knih musíte být přihlášeni.
Jak si půjčit online?

V kopřivách /

Román zkušeného autora krimi žánru je detektivkou, rodinným thrillerem i psychologickým románem o vině.

Uloženo v:
Hlavní autor: Březina, Jiří, 1980- (Autor)
Médium: E-kniha
Jazyk:Czech
Vydáno: V Praze : Motto, 2025
Vydání:1. vydání
Témata:
Tagy:
Žádné tagy
LEADER 02100nam a2200373 i 4500
001 312866
003 CZ PrSKC
005 20260601215730.0
007 ta
008 251110s2025 xr g 000 f cze
015 |a cnb003719970 
020 |a 9788026760016  |q (vázáno) :  |c Kč 399,00 
035 |a (OCoLC)1572322795 
040 |a ABG001  |b cze  |e rda 
072 7 |a 821.162.3-3  |x Česká próza  |2 Konspekt 
080 |a 821.162.3-31  |2 MRF 
080 |a (0:82-31)  |2 MRF 
100 1 |a Březina, Jiří,  |d 1980-  |7 xx0114321  |4 aut 
245 1 0 |a V kopřivách /  |c Jiří Březina 
250 |a 1. vydání 
264 1 |a V Praze :  |b Motto,  |c 2025 
300 |a 289 stran ;  |c 21 cm 
336 |a text  |b txt  |2 rdacontent 
337 |a bez média  |b n  |2 rdamedia 
338 |a svazek  |b nc  |2 rdacarrier 
520 2 |a Román zkušeného autora krimi žánru je detektivkou, rodinným thrillerem i psychologickým románem o vině.  |b Jana tuší, že muž, se kterým čeká dítě, něco skrývá. Musí odhalit pravdu. Radka zjišťuje, že její syn provedl něco, co nejde vzít zpět. Musí ho ochránit před následky. A v kopřivách leží dívčí tělo. Na maloměstě, kde si lidé vidí až do kuchyně, ale přitom před sebou mají tajnosti, se rozjíždí vyšetřování, které odhalí roky zamlčovaná fakta. Minulost se dere na povrch a s ní i otázky, které bolí: Jak dobře známe své nejbližší? A kam až jsme nakonec schopní zajít, abychom je ochránili? Nakladatelská anotace. 
655 7 |a české romány  |7 fd133974  |2 czenas 
655 9 |a Czech fiction  |2 eczenas 
900 |a ABA001  |b 19 
928 9 |a Albatros Media - Motto 
044 |a xr 
910 |a RBIT002 
998 |d 423696  |a https://core.palmknihy.cz/api/books/423696/cover?t5dvkw  |b https://core.palmknihy.cz/api/books/423696/cover/400?t5dvkw  |c https://core.palmknihy.cz/api/books/423696/cover/50?t5dvkw  |e 2035-12-31  |g 296  |i 9788026760016  |j https://core.palmknihy.cz/api/books/423696/preview.epub  |k https://core.palmknihy.cz/api/books/423696/preview.pdf  |l   |q 49  |r 1  |s https://www.palmknihy.cz/kniha/423696  |t ebook  |y 2025  |z 0 
999 |d 312864